[Event "20. Activity-Cup"]
[Site "?"]
[Date "2018.03.29"]
[Round "7.8"]
[White "Gasca, Luca"]
[Black "Kober, Stefan"]
[Result "1-0"]
[WhiteElo "962"]
[BlackElo "1087"]
[PlyCount "55"]
[EventDate "2018.03.26"]

1. e4 e5 2. Nf3 Nc6 3. Bc4 Bc5 4. d3 h6 5. O-O Nf6 6. a3 d6 7. h3 Be6 8. Bxe6
fxe6 9. b4 Bb6 10. Be3 O-O 11. Bxb6 axb6 12. Nbd2 d5 13. b5 Ne7 14. Nxe5 c6 15.
bxc6 bxc6 16. exd5 exd5 17. c4 dxc4 18. dxc4 c5 19. Ndf3 Kh8 20. Qxd8 Raxd8 21.
Rad1 Kh7 22. Rxd8 Rxd8 23. Rb1 Rd6 24. Nf7 Re6 25. N3e5 Ne4 26. Rd1 Nc3 27. Rd8
Nb1 28. Rh8# 1-0

[Event "20. Activity-Cup"]
[Site "?"]
[Date "2018.03.29"]
[Round "7.9"]
[White "Sölkner, Julian"]
[Black "Schirmbeck, David"]
[Result "1-0"]
[WhiteElo "1177"]
[BlackElo "859"]
[PlyCount "41"]
[EventDate "2018.03.26"]

1. e4 e5 2. Nf3 Nc6 3. Bc4 Bc5 4. Nc3 Nf6 5. d3 Ng4 6. O-O O-O 7. h3 Nf6 8. Bg5
d6 9. Nd5 h6 10. Bxf6 gxf6 11. c3 Be6 12. Ne3 Bxc4 13. dxc4 Re8 14. Nh4 f5 15.
Nhxf5 Kf8 16. Nxh6 Qg5 17. Nhf5 Bxe3 18. fxe3 Red8 19. Qf3 Ke8 20. Nxd6+ cxd6
21. Qxf7# 1-0

[Event "20. Activity-Cup"]
[Site "?"]
[Date "2018.03.29"]
[Round "7.10"]
[White "Radnaev, Mikael"]
[Black "Schirmbeck, Klara"]
[Result "0-1"]
[WhiteElo "800"]
[BlackElo "834"]
[PlyCount "164"]
[EventDate "2018.03.26"]

1. e4 c5 2. Bc4 Nf6 3. Nc3 d6 4. d3 g6 5. Bg5 Bg7 6. Nf3 O-O 7. O-O Nc6 8. h3
Bd7 9. Qe2 a6 10. Rae1 b5 11. Bb3 h6 12. Bxf6 Bxf6 13. Qd2 Qc7 14. Qxh6 Nb4 15.
a3 Nc6 16. Nd5 Qc8 17. Nb6 Qb7 18. Nxa8 Qxa8 19. Ng5 Bxg5 20. Qxg5 Nd4 21.
Qxg6+ Kh8 22. Bd5 fxg6 23. Bxa8 Rxa8 24. Re3 Be6 25. c3 Nc2 26. Rg3 Kh7 27. Rc1
Bb3 28. Rg4 Kg7 29. h4 Rh8 30. Kh2 e5 31. g3 a5 32. Rg1 b4 33. axb4 axb4 34. f4
bxc3 35. bxc3 Na3 36. f5 Rh6 37. Ra1 Nb5 38. Rb1 Ba4 39. h5 Rxh5+ 40. Kg2 Rh6
41. c4 Nc3 42. Rb7+ Kf6 43. Rb8 gxf5 44. exf5 Kxf5 45. Rgg8 Rg6 46. Rbf8+ Kg5
47. Rh8 Rf6 48. Rhg8+ Kf5 49. g4+ Ke6 50. Re8+ Bxe8 51. Rxe8+ Kf7 52. Ra8 e4
53. dxe4 Nxe4 54. Ra7+ Ke6 55. Ra8 Rf2+ 56. Kh3 Kf6 57. Rf8+ Kg5 58. Rg8+ Kf4
59. Rf8+ Ke3 60. Re8 Kf3 61. Rf8+ Ke2 62. Rxf2+ Kxf2 63. Kh4 Ke3 64. Kh5 Kd3
65. Kg6 Kxc4 66. Kf5 Kd3 67. Kf4 c4 68. g5 Nxg5 69. Kxg5 c3 70. Kf6 c2 71. Ke6
c1=Q 72. Kxd6 Qc4 73. Ke5 Qd4+ 74. Kf5 Qe4+ 75. Kg5 Qf3 76. Kg6 Qf4 77. Kg7 Qf5
78. Kg8 Qd7 79. Kf8 Ke4 80. Kg8 Kf5 81. Kh8 Kg6 82. Kg8 Qg7# 0-1